[Event "DEM U12 2023"]
[Site "Willingen GER"]
[Date "2023.06.01"]
[Round "7"]
[White "Sydykov, Bayastan"]
[Black "Sepe, Giovanni Paolo"]
[Result "1-0"]
[Termination "normal"]
[Board "6"]
[WhiteElo "1939"]
[BlackElo "1550"]
[WhiteClock "00:39:49"]
[BlackClock "01:25:18"]
[PlyCount "75"]
[WhiteFideId "13829610"]
[BlackFideId "34631909"]
[EventCountry "GER"]
[EventRounds "9"]
[EventType "swiss"]
[EventDate "2023.05.27"]

1. e4 {[%clk 01:30:56]} {[%emt 00:00:03]} e6 {[%clk 01:30:57]} {[%emt
00:00:04]} 2. d4 {[%clk 01:31:18]} {[%emt 00:00:08]} d5 {[%clk 01:31:24]}
{[%emt 00:00:03]} 3. e5 {[%clk 01:31:32]} {[%emt 00:00:16]} c5 {[%clk
01:31:50]} {[%emt 00:00:03]} 4. c3 {[%clk 01:31:55]} {[%emt 00:00:08]} Nc6
{[%clk 01:32:17]} {[%emt 00:00:03]} 5. Nf3 {[%clk 01:32:07]} {[%emt 00:00:17]}
Qb6 {[%clk 01:32:43]} {[%emt 00:00:04]} 6. a3 {[%clk 01:32:20]} {[%emt
00:00:17]} c4 {[%clk 01:33:10]} {[%emt 00:00:04]} 7. Nbd2 {[%clk 01:32:25]}
{[%emt 00:00:25]} Na5 {[%clk 01:33:35]} {[%emt 00:00:04]} 8. Be2 {[%clk
01:32:25]} {[%emt 00:00:30]} Bd7 {[%clk 01:33:58]} {[%emt 00:00:07]} 9. Rb1
{[%clk 01:32:30]} {[%emt 00:00:25]} Ne7 {[%clk 01:33:51]} {[%emt 00:00:37]} 10.
O-O {[%clk 01:32:31]} {[%emt 00:00:29]} h6 {[%clk 01:34:16]} {[%emt 00:00:06]}
11. g3 {[%clk 01:30:41]} {[%emt 00:02:19]} O-O-O {[%clk 01:34:37]} {[%emt
00:00:09]} 12. h4 {[%clk 01:26:48]} {[%emt 00:04:23]} Kb8 {[%clk 01:34:57]}
{[%emt 00:00:11]} 13. Kg2 {[%clk 01:26:19]} {[%emt 00:00:58]} Nc8 {[%clk
01:35:16]} {[%emt 00:00:12]} 14. Qc2 {[%clk 01:23:08]} {[%emt 00:03:40]} Qc7
{[%clk 01:35:15]} {[%emt 00:00:31]} 15. b4 {[%clk 01:21:18]} {[%emt 00:02:20]}
cxb3 {[%clk 01:35:40]} {[%emt 00:00:05]} 16. Nxb3 {[%clk 01:21:40]} {[%emt
00:00:08]} Ba4 {[%clk 01:35:49]} {[%emt 00:00:21]} 17. Nfd2 {[%clk 01:21:30]}
{[%emt 00:00:39]} Nb6 {[%clk 01:34:57]} {[%emt 00:01:23]} 18. Qd3 {[%clk
01:12:26]} {[%emt 00:09:35]} Bxb3 {[%clk 01:34:05]} {[%emt 00:01:22]} 19. Nxb3
{[%clk 01:12:43]} {[%emt 00:00:13]} Nac4 {[%clk 01:33:45]} {[%emt 00:00:50]}
20. Nd2 {[%clk 01:10:17]} {[%emt 00:02:55]} Nxd2 {[%clk 01:33:30]} {[%emt
00:00:45]} 21. Qxd2 {[%clk 01:09:58]} {[%emt 00:00:48]} Rc8 {[%clk 01:33:36]}
{[%emt 00:00:25]} 22. Rb3 {[%clk 01:09:59]} {[%emt 00:00:28]} Be7 {[%clk
01:33:22]} {[%emt 00:00:44]} 23. Qa2 {[%clk 01:04:35]} {[%emt 00:05:55]} h5
{[%clk 01:31:08]} {[%emt 00:02:44]} 24. Bd2 {[%clk 00:59:49]} {[%emt 00:05:16]}
g5 {[%clk 01:31:10]} {[%emt 00:00:29]} 25. hxg5 {[%clk 00:58:20]} {[%emt
00:01:58]} h4 {[%clk 01:31:35]} {[%emt 00:00:05]} 26. g4 {[%clk 00:57:31]}
{[%emt 00:01:19]} h3+ {[%clk 01:30:56]} {[%emt 00:01:10]} 27. Kh2 {[%clk
00:56:23]} {[%emt 00:01:38]} f6 {[%clk 01:31:00]} {[%emt 00:00:26]} 28. gxf6
{[%clk 00:56:36]} {[%emt 00:00:16]} Bxf6 {[%clk 01:31:26]} {[%emt 00:00:05]}
29. f4 {[%clk 00:55:49]} {[%emt 00:01:16]} Bh4 {[%clk 01:29:41]} {[%emt
00:02:15]} 30. Qc2 {[%clk 00:50:57]} {[%emt 00:05:22]} Qe7 {[%clk 01:29:01]}
{[%emt 00:01:10]} 31. g5 {[%clk 00:48:22]} {[%emt 00:03:05]} Nc4 {[%clk
01:27:04]} {[%emt 00:02:27]} 32. Bxc4 {[%clk 00:43:48]} {[%emt 00:05:05]} dxc4
{[%clk 01:27:08]} {[%emt 00:00:26]} 33. Rbb1 {[%clk 00:42:52]} {[%emt
00:01:25]} Qe8 {[%clk 01:26:49]} {[%emt 00:00:49]} 34. Qe4 {[%clk 00:42:24]}
{[%emt 00:00:59]} Rc7 {[%clk 01:26:52]} {[%emt 00:00:26]} 35. f5 {[%clk
00:40:56]} {[%emt 00:01:58]} exf5 {[%clk 01:26:41]} {[%emt 00:00:41]} 36. Rxf5
{[%clk 00:40:24]} {[%emt 00:01:01]} Rf7 {[%clk 01:24:59]} {[%emt 00:02:12]} 37.
e6 {[%clk 00:39:49]} {[%emt 00:01:06]} Rxf5 {[%clk 01:25:18]} {[%emt 00:00:11]}
38. Qxb7# {[%emt 00:00:13]} 1-0

[Event "DEM U12 2023"]
[Site "Willingen GER"]
[Date "2023.06.01"]
[Round "7"]
[White "Buchinger, Alexis"]
[Black "Mandalka, Justus"]
[Result "1-0"]
[Termination "normal"]
[Board "7"]
[WhiteElo "1943"]
[BlackElo "1560"]
[WhiteClock "00:05:23"]
[BlackClock "00:04:10"]
[PlyCount "181"]
[WhiteFideId "16287134"]
[BlackFideId "16298144"]
[EventCountry "GER"]
[EventRounds "9"]
[EventType "swiss"]
[EventDate "2023.05.27"]

{[%evp 0,177,22,22,42,33,33,44,67,44,44,38,25,39,35,8,12,27,31,36,39,39,37,31,
72,39,34,25,70,72,69,67,74,112,123,88,87,67,75,78,158,154,184,174,206,192,236,
202,195,170,192,139,142,123,120,114,119,120,136,138,145,122,136,126,126,122,
122,122,190,50,44,0,99,92,98,103,97,37,56,53,44,41,62,34,54,23,119,92,114,86,
262,285,314,285,285,321,330,330,326,299,299,292,292,284,292,292,282,265,267,
255,267,267,267,140,128,128,223,160,148,227,227,91,227,0,232,182,185,25,12,12,
180,174,174,162,181,173,181,153,181,162,152,159,159,164,164,164,158,159,159,1,
159,159,159,159,159,166,166,159,159,159,166,159,159,159,159,159,166,166,166,
166,166,166,166,166,306,324,324,341,344,344]} 1. e4 c5 {[%emt 0:00:04]} 2. Nf3
{[%emt 0:00:13]} Nc6 {[%emt 0:00:04]} 3. Bb5 {[%emt 0:00:14]} g6 {[%emt
0:00:07]} 4. Bxc6 {[%emt 0:00:06]} dxc6 {[%emt 0:00:04]} 5. d3 {[%emt 0:00:23]}
Bg7 {[%emt 0:00:07]} 6. O-O {[%emt 0:00:28]} Nf6 {[%emt 0:00:40]} 7. Be3 {[%emt
0:02:31]} b6 {[%emt 0:01:02]} 8. Nc3 {[%emt 0:00:24]} Bg4 {[%emt 0:01:05]} 9.
h3 {[%emt 0:00:32]} Bxf3 {[%emt 0:01:03]} 10. Qxf3 {[%emt 0:00:05]} e5 {[%emt
0:00:32]} 11. Qg3 {[%emt 0:02:15]} Nd7 {[%emt 0:00:32]} 12. Rae1 {[%emt
0:01:14]} O-O {[%emt 0:02:04]} 13. f4 {[%emt 0:07:03]} Qe7 {[%emt 0:01:55]} 14.
f5 {[%emt 0:01:16]} a5 {[%emt 0:04:32]} 15. Qf3 {[%emt 0:09:30]} b5 {[%emt
0:10:11]} 16. a4 {[%emt 0:01:07]} b4 {[%emt 0:02:54]} 17. Ne2 {[%emt 0:01:11]}
b3 {[%emt 0:01:23]} 18. cxb3 {[%emt 0:07:14]} Rab8 {[%emt 0:01:31]} 19. Nc1
{[%emt 0:01:35]} c4 {[%emt 0:06:14]} 20. dxc4 {[%emt 0:08:15]} Bf6 {[%emt
0:07:36]} 21. Rd1 {[%emt 0:02:11]} Kg7 {[%emt 0:11:01]} 22. Qf2 {[%emt
0:08:20]} Rb7 {[%emt 0:04:09]} 23. Qd2 {[%emt 0:01:34]} Ra8 {[%emt 0:07:57]}
24. g4 {[%emt 0:08:56]} g5 {[%emt 0:01:36]} 25. Qd6 {[%emt 0:02:20]} Rc8 {[%emt
0:02:07]} 26. Kg2 {[%emt 0:03:35]} Qxd6 {[%emt 0:02:22]} 27. Rxd6 {[%emt
0:00:02]} Be7 {[%emt 0:00:22]} 28. Rd3 {[%emt 0:02:29]} f6 {[%emt 0:03:24]} 29.
Rfd1 {[%emt 0:01:08]} Rcc7 {[%emt 0:00:10]} 30. Kf3 {[%emt 0:01:04]} Nc5 {[%emt
0:04:00]} 31. Bxc5 {[%emt 0:16:46]} Bxc5 {[%emt 0:00:46]} 32. Rd8 {[%emt
0:05:23]} Bd4 {[%emt 0:00:13]} 33. Rd2 {[%emt 0:03:25]} c5 {[%emt 0:05:22]} 34.
h4 {[%emt 0:02:27]} gxh4 {[%emt 0:01:25]} 35. Rh2 {[%emt 0:01:23]} Rf7 {[%emt
0:00:53]} 36. Ra8 {[%emt 0:00:58]} Ra7 {[%emt 0:00:02]} 37. Rxa7 {[%emt
0:00:27]} Rxa7 38. Rxh4 {[%emt 0:00:32]} Bxb2 {[%emt 0:02:19]} 39. Nd3 {[%emt
0:00:05]} Bd4 {[%emt 0:00:05]} 40. Rh1 {[%emt 0:00:25]} Rb7 {[%emt 0:00:46]}
41. Rb1 {[%emt 0:00:41]} Kh6 {[%emt 0:06:00]} 42. Ne1 {[%emt 0:02:13]} Kg5
{[%emt 0:01:33]} 43. Nc2 {[%emt 0:00:39]} Rb8 {[%emt 0:06:04]} 44. b4 {[%emt
0:05:23]} Kh6 {[%emt 0:01:17]} 45. b5 {[%emt 0:01:03]} Rb6 {[%emt 0:12:57]} 46.
Ne3 {[%emt 0:05:49]} Bxe3 {[%emt 0:04:02]} 47. Kxe3 {[%emt 0:01:18]} Rd6 {[%emt
0:03:04]} 48. Rb2 {[%emt 0:04:09]} Rd4 {[%emt 0:01:21]} 49. b6 {[%emt 0:00:44]}
Rd8 {[%emt 0:00:02]} 50. b7 {[%emt 0:03:47]} Rb8 {[%emt 0:00:04]} 51. Rb5
{[%emt 0:00:20]} Kg5 {[%emt 0:02:12]} 52. Kf3 {[%emt 0:00:14]} h5 {[%emt
0:01:20]} 53. gxh5 {[%emt 0:00:12]} Kxh5 {[%emt 0:00:04]} 54. Kg3 {[%emt
0:04:21]} Rg8+ {[%emt 0:02:58]} 55. Kf3 {[%emt 0:00:05]} Rb8 {[%emt 0:00:04]}
56. Rxa5 {[%emt 0:00:52]} Rxb7 {[%emt 0:00:05]} 57. Rb5 {[%emt 0:00:34]} Rc7
{[%emt 0:01:49]} 58. a5 {[%emt 0:00:13]} Kg5 {[%emt 0:00:45]} 59. a6 {[%emt
0:01:04]} Ra7 {[%emt 0:00:16]} 60. Rb6 {[%emt 0:00:10]} Rc7 {[%emt 0:02:58]}
61. Ke3 {[%emt 0:01:10]} Rd7 {[%emt 0:01:05]} 62. Rc6 {[%emt 0:00:51]} Ra7
{[%emt 0:00:28]} 63. Rxc5 {[%emt 0:00:25]} Rxa6 {[%emt 0:00:06]} 64. Rd5 {[%emt
0:00:13]} Ra3+ {[%emt 0:01:15]} 65. Rd3 {[%emt 0:00:07]} Ra5 {[%emt 0:01:25]}
66. Rc3 {[%emt 0:00:54]} Rc5 {[%emt 0:00:23]} 67. Rc2 {[%emt 0:00:05]} Kg4
{[%emt 0:01:05]} 68. Rg2+ {[%emt 0:00:08]} Kh5 {[%emt 0:03:12]} 69. Rg6 {[%emt
0:03:00]} Rxc4 {[%emt 0:00:06]} 70. Rxf6 {[%emt 0:00:04]} Rc3+ {[%emt 0:00:44]}
71. Kd2 {[%emt 0:00:17]} Rc4 {[%emt 0:00:23]} 72. Kd3 {[%emt 0:00:04]} Rd4+
{[%emt 0:00:04]} 73. Ke3 {[%emt 0:00:04]} Ra4 {[%emt 0:01:12]} 74. Rg6 {[%emt
0:00:31]} Ra3+ {[%emt 0:01:43]} 75. Kd2 {[%emt 0:00:15]} Ra4 {[%emt 0:00:27]}
76. Kd3 {[%emt 0:00:15]} Rd4+ {[%emt 0:00:02]} 77. Ke3 {[%emt 0:00:05]} Ra4
{[%emt 0:00:22]} 78. Rg1 {[%emt 0:00:26]} Ra3+ {[%emt 0:00:54]} 79. Ke2 {[%emt
0:00:12]} Kh6 {[%emt 0:00:49]} 80. Rg6+ {[%emt 0:01:56]} Kh5 {[%emt 0:00:05]}
81. Re6 {[%emt 0:00:15]} Ra5 {[%emt 0:00:04]} 82. Rg6 {[%emt 0:01:16]} Rb5
{[%emt 0:01:03]} 83. Kd3 {[%emt 0:00:16]} Rc5 {[%emt 0:00:11]} 84. Rg2 {[%emt
0:01:25]} Rc1 {[%emt 0:01:19]} 85. Rc2 {[%emt 0:00:29]} Rd1+ {[%emt 0:00:03]}
86. Ke3 {[%emt 0:00:28]} Re1+ {[%emt 0:00:49]} 87. Kf3 {[%emt 0:00:07]} Rf1+
{[%emt 0:00:49]} 88. Ke2 {[%emt 0:00:18]} Ra1 {[%emt 0:00:35]} 89. Rc5 {[%emt
0:00:44]} Kg5 90. Rxe5 Kf4 91. Re6 1-0

[Event "DEM U12 2023"]
[Site "Willingen GER"]
[Date "2023.06.01"]
[Round "7"]
[White "Merenda, Lukas-Benedikt"]
[Black "Albrecht, Neil"]
[Result "0-1"]
[Termination "normal"]
[Board "8"]
[WhiteElo "1479"]
[BlackElo "1690"]
[WhiteClock "00:31:19"]
[BlackClock "00:30:19"]
[PlyCount "138"]
[WhiteFideId "34603336"]
[BlackFideId "34621091"]
[EventCountry "GER"]
[EventRounds "9"]
[EventType "swiss"]
[EventDate "2023.05.27"]

1. e4 {[%clk 01:30:59]} {[%emt 00:00:01]} c5 {[%clk 01:30:47]} {[%emt
00:00:13]} 2. Nc3 {[%clk 01:31:24]} {[%emt 00:00:05]} a6 {[%clk 01:30:48]}
{[%emt 00:00:30]} 3. Nge2 {[%clk 01:31:48]} {[%emt 00:00:05]} b5 {[%clk
01:30:47]} {[%emt 00:00:31]} 4. g3 {[%clk 01:32:05]} {[%emt 00:00:14]} Bb7
{[%clk 01:30:24]} {[%emt 00:00:52]} 5. Bg2 {[%clk 01:32:29]} {[%emt 00:00:07]}
e6 {[%clk 01:30:21]} {[%emt 00:00:33]} 6. d4 {[%clk 01:32:49]} {[%emt
00:00:10]} cxd4 {[%clk 01:30:20]} {[%emt 00:00:31]} 7. Nxd4 {[%clk 01:33:10]}
{[%emt 00:00:08]} Nf6 {[%clk 01:29:13]} {[%emt 00:01:37]} 8. O-O {[%clk
01:33:22]} {[%emt 00:00:17]} b4 {[%clk 01:28:11]} {[%emt 00:01:33]} 9. Na4
{[%clk 01:32:17]} {[%emt 00:01:36]} Bxe4 {[%clk 01:26:47]} {[%emt 00:01:54]}
10. Bxe4 {[%clk 01:32:39]} {[%emt 00:00:08]} Nxe4 {[%clk 01:27:10]} {[%emt
00:00:06]} 11. Re1 {[%clk 01:33:02]} {[%emt 00:00:07]} Nc5 {[%clk 01:27:20]}
{[%emt 00:00:20]} 12. c3 {[%clk 01:33:00]} {[%emt 00:00:32]} Nxa4 {[%clk
01:27:15]} {[%emt 00:00:35]} 13. Qxa4 {[%clk 01:33:29]} {[%emt 00:00:02]} Qb6
{[%clk 01:26:48]} {[%emt 00:00:56]} 14. Be3 {[%clk 01:19:04]} {[%emt 00:14:55]}
Bc5 {[%clk 01:24:01]} {[%emt 00:03:17]} 15. Nxe6 {[%clk 00:52:37]} {[%emt
00:26:57]} fxe6 {[%clk 01:22:57]} {[%emt 00:01:34]} 16. Bxc5 {[%clk 00:52:46]}
{[%emt 00:00:21]} Qxc5 {[%clk 01:20:02]} {[%emt 00:03:25]} 17. Rxe6+ {[%clk
00:53:08]} {[%emt 00:00:08]} Kd8 {[%clk 01:13:04]} {[%emt 00:07:27]} 18. Re3
{[%clk 00:46:37]} {[%emt 00:07:02]} Nc6 {[%clk 01:06:23]} {[%emt 00:07:11]} 19.
Rd1 {[%clk 00:45:30]} {[%emt 00:01:37]} Qb5 {[%clk 00:53:53]} {[%emt 00:12:59]}
20. Qb3 {[%clk 00:44:04]} {[%emt 00:01:56]} Qf5 {[%clk 00:50:27]} {[%emt
00:03:51]} 21. cxb4 {[%clk 00:36:58]} {[%emt 00:07:42]} Rf8 {[%clk 00:44:56]}
{[%emt 00:05:59]} 22. f4 {[%clk 00:32:45]} {[%emt 00:04:45]} Kc7 {[%clk
00:43:20]} {[%emt 00:02:07]} 23. Qc3 {[%clk 00:31:50]} {[%emt 00:01:24]} Rae8
{[%clk 00:38:42]} {[%emt 00:05:08]} 24. Red3 {[%clk 00:29:14]} {[%emt
00:03:06]} Re7 {[%clk 00:37:02]} {[%emt 00:02:09]} 25. Qc4 {[%clk 00:26:24]}
{[%emt 00:03:21]} Qb5 {[%clk 00:32:48]} {[%emt 00:04:44]} 26. Qxb5 {[%clk
00:24:38]} {[%emt 00:02:16]} axb5 {[%clk 00:31:48]} {[%emt 00:01:30]} 27. a3
{[%clk 00:25:07]} {[%emt 00:00:02]} Rfe8 {[%clk 00:27:51]} {[%emt 00:04:27]}
28. R1d2 {[%clk 00:20:44]} {[%emt 00:04:52]} Rd8 {[%clk 00:26:05]} {[%emt
00:02:16]} 29. Rd5 {[%clk 00:19:57]} {[%emt 00:01:17]} Kb6 {[%clk 00:21:04]}
{[%emt 00:05:31]} 30. Kf2 {[%clk 00:18:49]} {[%emt 00:01:38]} Rf7 {[%clk
00:19:04]} {[%emt 00:02:30]} 31. Kg2 {[%clk 00:18:08]} {[%emt 00:01:11]} Na7
{[%clk 00:17:38]} {[%emt 00:01:55]} 32. h4 {[%clk 00:16:25]} {[%emt 00:02:14]}
Nc8 {[%clk 00:17:40]} {[%emt 00:00:28]} 33. Rc2 {[%clk 00:14:00]} {[%emt
00:02:55]} d6 {[%clk 00:17:39]} {[%emt 00:00:31]} 34. b3 {[%clk 00:11:32]}
{[%emt 00:02:58]} Ne7 {[%clk 00:16:35]} {[%emt 00:01:34]} 35. Rd3 {[%clk
00:10:56]} {[%emt 00:01:05]} Rf5 {[%clk 00:14:10]} {[%emt 00:02:55]} 36. Rcd2
{[%clk 00:08:37]} {[%emt 00:02:50]} d5 {[%clk 00:13:56]} {[%emt 00:00:43]} 37.
Re3 {[%clk 00:08:00]} {[%emt 00:01:07]} Nc6 {[%clk 00:13:51]} {[%emt 00:00:35]}
38. Rc2 {[%clk 00:07:42]} {[%emt 00:00:48]} Rf6 {[%clk 00:11:59]} {[%emt
00:02:23]} 39. Rc5 {[%clk 00:04:48]} {[%emt 00:03:24]} d4 {[%clk 00:11:53]}
{[%emt 00:00:36]} 40. Rd3 {[%clk 00:05:04]} {[%emt 00:00:14]} Ra8 {[%clk
00:11:37]} {[%emt 00:00:45]} 41. Rg5 {[%clk 00:01:52]} {[%emt 00:03:42]} g6
{[%clk 00:09:37]} {[%emt 00:02:30]} 42. h5 {[%clk 00:01:40]} {[%emt 00:00:42]}
Rxa3 {[%clk 00:09:30]} {[%emt 00:00:38]} 43. hxg6 {[%clk 00:01:28]} {[%emt
00:00:42]} hxg6 {[%clk 00:09:39]} {[%emt 00:00:21]} 44. Kf3 {[%clk 00:01:14]}
{[%emt 00:00:44]} Nxb4 {[%clk 00:01:14]} {[%emt 00:08:55]} 45. Rxd4 {[%clk
00:01:14]} {[%emt 00:00:30]} Rxb3+ {[%clk 00:01:43]} {[%emt 00:00:01]} 46. Kg4
{[%clk 00:01:28]} {[%emt 00:00:15]} Nc2 {[%clk 00:01:05]} {[%emt 00:01:09]} 47.
Rd7 {[%clk 00:01:25]} {[%emt 00:00:32]} Ne3+ {[%clk 00:00:33]} {[%emt
00:01:02]} 48. Kf3 {[%clk 00:00:37]} {[%emt 00:01:19]} b4 {[%clk 00:29:58]}
{[%emt 00:01:05]} 49. Ke4 {[%clk 00:30:17]} {[%emt 00:00:49]} Nc2 {[%clk
00:29:01]} {[%emt 00:01:29]} 50. Ke5 {[%clk 00:29:08]} {[%emt 00:01:39]} Rc6
{[%clk 00:29:16]} {[%emt 00:00:14]} 51. Rg7 {[%clk 00:28:47]} {[%emt 00:00:50]}
Re3+ {[%clk 00:28:55]} {[%emt 00:00:51]} 52. Kd5 {[%clk 00:29:09]} {[%emt
00:00:09]} Rc5+ {[%clk 00:29:19]} {[%emt 00:00:06]} 53. Kd6 {[%clk 00:29:25]}
{[%emt 00:00:13]} Rxg5 {[%clk 00:29:41]} {[%emt 00:00:08]} 54. fxg5 {[%clk
00:29:54]} {[%emt 00:00:01]} b3 {[%clk 00:29:45]} {[%emt 00:00:27]} 55. Rg8
{[%clk 00:29:51]} {[%emt 00:00:32]} Rd3 {[%clk 00:29:57]} {[%emt 00:00:18]} 56.
Ke5 {[%clk 00:30:15]} {[%emt 00:00:07]} Kc7 {[%clk 00:30:00]} {[%emt 00:00:27]}
57. Rg7+ {[%clk 00:29:57]} {[%emt 00:00:48]} Kc6 {[%clk 00:30:21]} {[%emt
00:00:10]} 58. Rxg6+ {[%clk 00:30:21]} {[%emt 00:00:05]} Kc5 {[%clk 00:30:43]}
{[%emt 00:00:08]} 59. Rg8 {[%clk 00:30:35]} {[%emt 00:00:15]} Re3 {[%clk
00:30:49]} {[%emt 00:00:25]} 60. Kf4 {[%clk 00:31:00]} {[%emt 00:00:05]} Re6
{[%clk 00:29:59]} {[%emt 00:01:20]} 61. Kf5 {[%clk 00:31:03]} {[%emt 00:00:26]}
b2 {[%clk 00:29:57]} {[%emt 00:00:32]} 62. Kxe6 {[%clk 00:31:20]} {[%emt
00:00:14]} b1=Q {[%clk 00:30:15]} {[%emt 00:00:12]} 63. Rc8+ {[%clk 00:31:35]}
{[%emt 00:00:14]} Kd4 {[%clk 00:30:33]} {[%emt 00:00:12]} 64. g6 {[%clk
00:31:27]} {[%emt 00:00:38]} Qb6+ {[%clk 00:30:33]} {[%emt 00:00:30]} 65. Kf5
{[%clk 00:31:23]} {[%emt 00:00:34]} Ne3+ {[%clk 00:29:46]} {[%emt 00:01:18]}
66. Kg5 {[%clk 00:31:38]} {[%emt 00:00:15]} Qb5+ {[%clk 00:29:44]} {[%emt
00:00:32]} 67. Kh6 {[%clk 00:30:35]} {[%emt 00:01:33]} Ng4+ {[%clk 00:30:02]}
{[%emt 00:00:12]} 68. Kh7 {[%clk 00:30:59]} {[%emt 00:00:06]} Qb7+ {[%clk
00:30:13]} {[%emt 00:00:19]} 69. g7 {[%clk 00:31:19]} {[%emt 00:00:10]} Nf6+
{[%clk 00:30:19]} {[%emt 00:00:23]} 0-1

[Event "DEM U12 2023"]
[Site "Willingen GER"]
[Date "2023.06.01"]
[Round "7"]
[White "Zhang, Yibo"]
[Black "Krüger, Moritz"]
[Result "0-1"]
[Termination "normal"]
[Board "9"]
[WhiteElo "1791"]
[BlackElo "1582"]
[WhiteClock "00:58:48"]
[BlackClock "01:16:18"]
[PlyCount "49"]
[WhiteFideId "16287657"]
[BlackFideId "34608923"]
[EventCountry "GER"]
[EventRounds "9"]
[EventType "swiss"]
[EventDate "2023.05.27"]

1. e4 {[%clk 01:30:53]} {[%emt 00:00:07]} e6 {[%clk 01:30:55]} {[%emt
00:00:05]} 2. d4 {[%clk 01:31:18]} {[%emt 00:00:06]} d5 {[%clk 01:31:20]}
{[%emt 00:00:05]} 3. Nd2 {[%clk 01:31:34]} {[%emt 00:00:14]} c5 {[%clk
01:31:27]} {[%emt 00:00:21]} 4. exd5 {[%clk 01:31:39]} {[%emt 00:00:26]} Qxd5
{[%clk 01:31:40]} {[%emt 00:00:17]} 5. dxc5 {[%clk 01:31:02]} {[%emt 00:01:08]}
Bxc5 {[%clk 01:31:56]} {[%emt 00:00:13]} 6. Ngf3 {[%clk 01:30:59]} {[%emt
00:00:34]} Nf6 {[%clk 01:32:12]} {[%emt 00:00:12]} 7. Bc4 {[%clk 01:30:43]}
{[%emt 00:00:47]} Qd8 {[%clk 01:32:32]} {[%emt 00:00:09]} 8. O-O {[%clk
01:30:29]} {[%emt 00:00:45]} O-O {[%clk 01:32:55]} {[%emt 00:00:07]} 9. Qe2
{[%clk 01:30:07]} {[%emt 00:00:53]} Nc6 {[%clk 01:32:55]} {[%emt 00:00:27]} 10.
c3 {[%clk 01:30:12]} {[%emt 00:00:27]} b6 {[%clk 01:32:22]} {[%emt 00:01:04]}
11. Rd1 {[%clk 01:28:50]} {[%emt 00:01:52]} Qc7 {[%clk 01:32:29]} {[%emt
00:00:23]} 12. Nb3 {[%clk 01:27:16]} {[%emt 00:02:04]} Be7 {[%clk 01:31:56]}
{[%emt 00:01:01]} 13. Bg5 {[%clk 01:22:56]} {[%emt 00:04:53]} Bb7 {[%clk
01:32:00]} {[%emt 00:00:23]} 14. Bh4 {[%clk 01:21:45]} {[%emt 00:01:43]} Rad8
{[%clk 01:32:12]} {[%emt 00:00:17]} 15. Bg3 {[%clk 01:20:52]} {[%emt 00:01:23]}
Qc8 {[%clk 01:32:32]} {[%emt 00:00:09]} 16. Nbd4 {[%clk 01:19:42]} {[%emt
00:01:42]} Nxd4 {[%clk 01:31:13]} {[%emt 00:01:50]} 17. Nxd4 {[%clk 01:19:13]}
{[%emt 00:00:58]} Ne4 {[%clk 01:30:48]} {[%emt 00:00:55]} 18. Bf4 {[%clk
01:13:50]} {[%emt 00:05:53]} Bd6 {[%clk 01:29:56]} {[%emt 00:01:20]} 19. Nxe6
{[%clk 01:10:47]} {[%emt 00:03:34]} fxe6 {[%clk 01:19:09]} {[%emt 00:11:16]}
20. Bxd6 {[%clk 01:08:26]} {[%emt 00:02:53]} Rxf2 {[%clk 01:17:42]} {[%emt
00:01:56]} 21. Qg4 {[%clk 01:02:46]} {[%emt 00:06:11]} Qxc4 {[%clk 01:17:24]}
{[%emt 00:00:47]} 22. Rd4 {[%clk 01:02:38]} {[%emt 00:00:38]} Qe2 {[%clk
01:16:36]} {[%emt 00:01:16]} 23. Qxe6+ {[%clk 01:01:46]} {[%emt 00:01:24]} Kh8
{[%clk 01:16:04]} {[%emt 00:01:02]} 24. Be5 {[%clk 00:58:21]} {[%emt 00:03:56]}
Rxg2+ {[%clk 01:16:18]} {[%emt 00:00:14]} 25. Kh1 {[%clk 00:58:48]} {[%emt
00:00:04]} 0-1